000 00807nam a2200229 a 4500
999 _c11121
_d11121
001 11121
003 BD-JhCC
005 20190731090328.0
008 190631b20152016bg a|||| ||a| 000 0 ben d
020 _a9789849120216
035 _a(BD-JhCC)11121
040 _aBD-JhCC
_dBD-JhCC
041 _aben
082 _a954.9205
_bSOM 2016
245 _aসম্মুখযুদ্ধ ১৯৭১: মুক্তিযোদ্ধাদের কলমে /
_cসম্পাদক: মতিউর রহমান ।
260 _aঢাকা:
_bপ্রথমা প্রকাশন;
_c২০১৬.
300 _a২০৭ পৃঃ . :
_bill;
_c২২ সেমি.
651 _aLiberation war
_zBangladesh
700 _aরহমান, মতিউর
942 _2ddc
_cBK